000 08668namaa22004451i 4500
003 EG-GICUC
005 20260312113910.0
008 260307s2025 ua a|||frm||| 000 0 eng d
040 _aEG-GICUC
_beng
_cEG-GICUC
_dEG-GICUC
_erda
041 0 _aeng
_beng
_bara
049 _aDeposit
082 0 4 _a615.82
092 _a615.82
_221
097 _aPh.D
099 _aCai01.21.10.Ph.D.2025.As.E
100 0 _aAsmaa Said Mandour Nasr,
_epreparation.
245 1 0 _aEffect of aerobic versus resistive exercise on restless leg syndrome in haemodialysis patients /
_cby Asmaa Said Mandour Nasr ; Supervisors Prof. Dr. Zahra Mohamed Hassan, Prof. Dr. Ali Mohamed Ali Ismail, Prof. Dr. Mohamed Mady Mohamed.
246 1 5 _aتأثير التمارين الهوائية مقابل المقاومة على متلازمة تململ الساق في مرضى غسيل الكلى
264 0 _c2025.
300 _a162 pages :
_billustrations ;
_c25 cm. +
_eCD.
336 _atext
_2rda content
337 _aUnmediated
_2rdamedia
338 _avolume
_2rdacarrier
502 _aThesis (Ph.D)-Cairo University, 2025.
504 _aBibliography: pages 109 -144.
520 3 _aBackground: Restless leg syndrome (RLS) is one of the annoying problems that negatively impacts sleeping and quality of life in hemodialysis (HD) patients. Objective: This study aimed to detect the effect of aerobic versus resistive exercise on RLS in HD patients. Design: A randomized controlled trial. Settings: Patients were recruited from HD unit of Badr Central Hospital, El-Behirah Government. Participants: From-both-sex sixty HD patients with RLS participated in this study. Patients' body mass index (BMI) was less than 30 Kg/m2. The ages of patients ranged from 35-45 years old. Methods: Patients were randomly and equally assigned into 2 groups; group A 14 female and 16 male patient and group B,13female and 17 male , n = 30 patients for each group. Both groups received stretching exercise, massage program, and medical intervention (intravenous erythropoietin and iron injections) for 12 weeks. Additionally, group A received moderate-intensity aerobic exercise using horizontal cycling Pedaler during the first two hours of dialysis, three times weekly. Group B received resistance exercises for lower limbs for 30 minutes, during the first two hours of dialysis session, three times weekly. Measures: Before and after 12 weeks, International Restless Legs Syndrome Study Group Rating Scale, Pittsburgh sleep quality index, fatigue severity scale, and physical and mental summary of 12- item Medical Outcomes Study Short Form questionnaire, six-minute walking test, Beck depression inventory, ferritin, urea, haemoglobin, transferrin saturation (TSAT), iron, and total iron binding capacity (TIBC) were checked. Results: A significant improvement in all outcomes was documented within both groups but all outcomes of group A showed the highest improvements. The comparison between the two groups after the end of treatment showed a significant improvement in all results in favor of group A.In Group A, ferritin improvement (25.25%), Urea (22.7 %), Hemoglobin (14.96%), Transferrin saturation (22.93%), Iron (28.18%), TIBC (15.76%), 6-MWT (19.52%), RLS scale (50%), BDI (36.17%), FSS (6.3%), PSQI (30.21%),Quality of life SF-12 (physical health domain) (20.22%), Mental health domain (17.71%).Group B, ferritin improvement (17.12%), Urea (8.55 %), Hemoglobin (6.47%), Transferrin saturation (11%), Iron (15.15%), TIBC (7.37%), 6-MWT (11.73%), RLS scale (28.4%), BDI (11.82%), FSS (3.99%), PSQI (17.93%),Quality of life SF-12 (physical health domain) (13.19%), Mental health domain (10.76%), Conclusion: It could be concluded from this trial that the application of aerobic or resisted exercises significantly improves RLS symptoms, sleep quality, fatigue, functional capacity, depression, quality of life, ferritin, urea, hemoglobin, TSAT, iron, and TIBC in HD patients with RLS, but aerobic exercise was superior to resisted exercise.
520 3 _aخلفية الرسالة: تعد متلازمة تململ الساق إحدى المشكلات المزعجة التي تؤثر سلبًا على النوم ونوعية الحياة لدى مرضى غسيل الكلى.هدف الرسالة:تهدف هذه الدراسة إلى الكشف عن تأثير التمارين الهوائية مقابل المقاومة على على متلازمة تململ الساقين في مرضى غسيل الكلى. تصميم البحث: تجربة عشوائية محوكمة. مكان البحث:تم تجميع المرضى من وحدة غسيل الكلى بمستشفى بدر المركزى بمحافظة البحيرة. المرضى المشاركون: شارك في هذه الدراسة ستون مريض غسيل كٌلى من كلا الجنسين. كان مؤشر كتلة الجسم للمرضى أقل من 30 كجم/م2. تراوحت أعمار المرضى بين 35-45 سنة.طرق البحث:تم توزيع المرضى بشكل عشوائي إلى واحدة من مجموعتين؛ مجموعة (أ) و مجموعة (ب) : ثلاثون مريض لكل محموعة.تلقت المجموعتين تمارين تمدد، وبرنامج تدليك، وتدخلًا طبيًا (إريثروبويتين و حديد عن طريق الحقن الوريدى) لمدة ١٢ أسبوعًا. بالإضافة إلى ذلك، تلقت المجموعة )أ( تمارين هوائية متوسطة الشدة باستخدام جهاز بدّال الدراجات الأفقية خلال أول ساعتين من جلسة غسيل الكلى، ثلاث مرات أسبوعيًا. تلقت المجموعة (ب) تمارين مقاومة للأطراف السفلية لمدة ٣٠ دقيقة، خلال أول ساعتين من جلسة غسيل الكلى، ثلاث مرات أسبوعيًا. قبل وبعد 12 أسبوعًا، تم فحص فحص مقياس تقييم مجموعة دراسة متلازمة تململ الساقين الدولية ، ومؤشر بيتسبرغ لجودة النوم ، ومقياس شدة التعب ، الملخص الجسمانى و العقلى لاستبيان دراسة النتائج الطبية القصير المكون من 12 بند ، واختبار المشي لمدة ست دقائق ، واستبيان بيك للاكتئاب، والفيريتين، واليوريا، والهيموجلوبين، وتشبع الترانسفيرين ، والحديد، والقدرة الكلية على ربط الحديد. النتائج: سُجِّل تحسنٌ ملحوظٌ في جميع النتائج في كلتا المجموعتين، إلا أن جميع نتائج المجموعة (أ) أظهرت أعلى مستويات التحسن. وأظهرت المقارنة بين المجموعتين بعد انتهاء العلاج تحسنًا ملحوظًا في جميع النتائج لصالح المجموعة (أ).الخلاصة: يمكن الاستنتاج من هذه التجربة أن تطبيق التمارين الهوائية أو المقاومة يحسن بشكل كبير أعراض متلازمة تململ الساقين، وجودة النوم، والتعب، والقدرة الوظيفية، والاكتئاب، ونوعية الحياة، والفيريتين، واليوريا، والهيموجلوبين،وتشبع الترانسفيرين ، والحديد، والقدرة الكلية على ربط الحديد في مرضى غسيل الكُلى المصابين بمتلازمة تململ الساقين، ولكن التمارين الهوائية كانت متفوقة على التمارين المقاومة.
530 _aIssues also as CD.
546 _aText in English and abstract in Arabic & English.
650 0 _aPhysical Therapy
650 0 _aالعلاج الطبيعى
653 1 _aAerobic exercise
_aResisted exercise
_aRestless leg syndrome
_aIron deficiency
_aSleep quality
_aFatigue
_aQuality of life
_aHemodialysis
_aالتمارين الهوائية
_aتمارين المقاومة
700 0 _aZahra Mohamed Hassan
_ethesis advisor.
700 0 _aAli Mohamed Ali Ismail
_ethesis advisor.
700 0 _aMohamed Mady Mohamed
_ethesis advisor.
900 _b01-01-2025
_cZahra Mohamed Hassan
_cAli Mohamed Ali Ismail
_cMohamed Mady Mohamed
_UCairo University
_FFaculty of Physical Therapy
_DDepartment of Physical Therapy for Cardiovascular/Respiratory Disorder and Geriatrics
905 _aShimaa
_eEman Ghareb
942 _2ddc
_cTH
_e21
_n0
999 _c178922